[Event "17th Unive op"]
[Site "Hoogeveen NED"]
[Date "2013.10.23"]
[Round "6.17"]
[White "Donchenko, Alexander"]
[Black "Krasenkova, Ilena"]
[Result "1/2-1/2"]
[WhiteElo "2479"]
[BlackElo "2133"]
[EventDate "2013.10.18"]
[PlyCount "124"]

1.c4 Nf6 2.g3 c6 3.Nf3 d5 4.Bg2 Bg4 5.Ne5 Bf5 6.cxd5 cxd5 7.Nc3 Nc6 8.Qa4 
Bd7 9.Nxd7 Qxd7 10.O-O e6 11.d3 Be7 12.Bd2 O-O 13.Rfc1 Rfc8 14.Qd1 h6 15.
a3 Rab8 16.h3 b5 17.e4 d4 18.Ne2 e5 19.f4 Bd6 20.b4 Rc7 21.Qb3 Rbc8 22.Kf2
Qe7 23.Bf3 Qe6 24.Qxe6 fxe6 25.Ra2 exf4 26.gxf4 e5 27.f5 Nb8 28.Rxc7 Rxc7 
29.Ke1 a6 30.Kd1 Kf7 31.Be1 Nbd7 32.Bg3 Ke7 33.Kd2 a5 34.Kd1 Ra7 35.Nc1 
Nb6 36.Be1 axb4 37.axb4 Rxa2 38.Nxa2 Nbd7 39.Nc1 Nb8 40.Kc2 Nc6 41.Kb3 Kf7
42.Ka3 Na5 43.Bd2 Be7 44.Ne2 Nc6 45.Ng3 Bf8 46.Bd1 Na5 47.Kb2 Nc6 48.Bb3+ 
Ke8 49.Ka3 Kd7 50.Ne2 Be7 51.Be6+ Kd6 52.Ng1 Bf8 53.Nf3 g6 54.Nh2 gxf5 55.
Bxf5 Nh5 56.Bg6 Nf4 57.Bxf4 exf4 58.Be8 Na7 59.Bf7 Nc6 60.Be8 Na7 61.Bf7 
Nc6 62.Be8 Na7 1/2-1/2

[Event "17th Unive op"]
[Site "Hoogeveen NED"]
[Date "2013.10.23"]
[Round "6.21"]
[White "Hovenga, Alje"]
[Black "Beerdsen, Thomas"]
[Result "0-1"]
[WhiteElo "2177"]
[BlackElo "2106"]
[EventDate "2013.10.18"]
[PlyCount "100"]

1.d4 d5 2.c4 c6 3.Nf3 Nf6 4.Nc3 e6 5.Bg5 h6 6.Bxf6 Qxf6 7.Qb3 Nd7 8.e4 
dxe4 9.Nxe4 Qd8 10.Bd3 Qa5+ 11.Nc3 Be7 12.O-O O-O 13.Rfe1 Rd8 14.Rad1 b6 
15.Bb1 Bb7 16.c5 Nf8 17.Ne5 Rab8 18.Nc4 Qa6 19.cxb6 axb6 20.Nxb6 c5 21.
dxc5 Bxc5 22.Rxd8 Rxd8 23.Nba4 Ba7 24.Be4 Bxe4 25.Nxe4 Ng6 26.Qc2 Rc8 27.
Qd1 Nf4 28.Nec3 Nd3 29.Re2 Rd8 30.g3 Rd4 31.Qc2 Qb7 32.Re3 Nb4 33.Qb3 Rd2 
34.Re2 Rxe2 35.Nxe2 Qe4 36.Kf1 Nd3 37.Nac3 Qf3 38.Nd1 Bxf2 39.Ng1 Qe4 40.
Qc3 Be1 41.Qc8+ Kh7 42.Qc2 Qf5+ 43.Ke2 Nf4+ 44.gxf4 Qxc2+ 45.Kxe1 Qxh2 46.
Ne2 Qh1+ 47.Kd2 Qd5+ 48.Kc2 Qxa2 49.Ndc3 Qa5 50.Ng3 h5 0-1

[Event "17th Unive op"]
[Site "Hoogeveen NED"]
[Date "2013.10.23"]
[Round "6.22"]
[White "Van der Veen, Jan"]
[Black "Van Foreest, Lucas"]
[Result "1-0"]
[WhiteElo "2056"]
[BlackElo "2122"]
[EventDate "2013.10.18"]
[PlyCount "53"]

1.e4 c5 2.Nc3 Nc6 3.f4 e6 4.Nf3 Nge7 5.d4 cxd4 6.Nxd4 Nxd4 7.Qxd4 Nc6 8.
Qf2 Be7 9.Be3 O-O 10.O-O-O d6 11.Kb1 b6 12.Nb5 f5 13.Nxd6 fxe4 14.Bb5 Qc7 
15.Nxe4 Bb7 16.Bc4 Nd8 17.Bd3 Nf7 18.Qe2 Nd6 19.Nxd6 Bxd6 20.Qh5 h6 21.Qg6
Qe7 22.Qh7+ Kf7 23.Qg6+ Kg8 24.Qh7+ Kf7 25.Bg6+ Kf6 26.Bf5 Qc7 27.Bd4+ 1-0

[Event "17th Unive op"]
[Site "Hoogeveen NED"]
[Date "2013.10.23"]
[Round "6.23"]
[White "Hopman, Pieter"]
[Black "Schoehuys, Erik"]
[Result "1-0"]
[WhiteElo "2338"]
[BlackElo "2184"]
[EventDate "2013.10.18"]
[PlyCount "61"]

1.e4 e5 2.Nf3 Nc6 3.Bb5 Nf6 4.O-O Nxe4 5.Re1 Nd6 6.Bxc6 dxc6 7.Nxe5 Be7 8.
b3 O-O 9.Bb2 c5 10.Nc3 Be6 11.Ne2 c6 12.Nf4 Bf5 13.Qf3 Re8 14.d3 Bf8 15.d4
f6 16.Ng4 Rxe1+ 17.Rxe1 Qa5 18.Re2 Re8 19.h3 Rxe2 20.Qxe2 Kf7 21.Ne3 Bd7 
22.Kf1 Qb4 23.Qf3 Qd2 24.g4 Be7 25.Nh5 Kg8 26.g5 f5 27.h4 Ne8 28.Ng3 g6 
29.Ne2 Qb4 30.Nc4 Nd6 31.Bc3 1-0

[Event "17th Unive op"]
[Site "Hoogeveen NED"]
[Date "2013.10.23"]
[Round "6.24"]
[White "Hendriks, Richard V"]
[Black "Vogel, Jaap"]
[Result "1/2-1/2"]
[WhiteElo "2104"]
[BlackElo "2180"]
[EventDate "2013.10.18"]
[PlyCount "52"]

1.e4 e6 2.d4 d5 3.Bd3 dxe4 4.Bxe4 c5 5.Ne2 Nf6 6.Bf3 Nc6 7.Be3 e5 8.Bxc6+ 
bxc6 9.c3 exd4 10.cxd4 cxd4 11.Qxd4 Be6 12.Nbc3 Qa5 13.O-O Be7 14.Nf4 Bf5 
15.Qc4 Rc8 16.Rfe1 O-O 17.Bd4 Qc7 18.Be5 Qb7 19.Nd3 Rfd8 20.Nc5 Bxc5 21.
Qxc5 Nd7 22.Qa3 Nxe5 23.Rxe5 Be6 24.Ne4 Qc7 25.Ra5 Rd4 26.Ng3 Rd7 1/2-1/2

[Event "17th Unive op"]
[Site "Hoogeveen NED"]
[Date "2013.10.23"]
[Round "6.25"]
[White "Lee, Kai Jie Edward"]
[Black "Hoffman, Ron"]
[Result "1/2-1/2"]
[WhiteElo "2164"]
[BlackElo "2055"]
[EventDate "2013.10.18"]
[PlyCount "42"]

1.e4 c5 2.Nf3 Nc6 3.d4 cxd4 4.Nxd4 e5 5.Nb5 d6 6.c4 Be7 7.N1c3 a6 8.Na3 f5
9.exf5 Bxf5 10.Bd3 Be6 11.Qh5+ Bf7 12.Qh3 Nf6 13.Bg5 Nd4 14.O-O Be6 15.Qe3
O-O 16.Bxf6 Bxf6 17.Qe4 Bf5 18.Qd5+ Be6 19.Qe4 Bf5 20.Qd5+ Be6 21.Qe4 Bf5 
1/2-1/2

[Event "17th Unive op"]
[Site "Hoogeveen NED"]
[Date "2013.10.23"]
[Round "6.26"]
[White "Kolodkin, Daniil"]
[Black "Vistisen, Lars"]
[Result "0-1"]
[WhiteElo "1981"]
[BlackElo "2163"]
[EventDate "2013.10.18"]
[PlyCount "63"]

1.e4 e5 2.Nf3 Nc6 3.Bb5 f5 4.d3 fxe4 5.dxe4 Nf6 6.O-O Bc5 7.Qd3 d6 8.Qc4 
Qe7 9.Nc3 Bd7 10.Nd5 Nxd5 11.exd5 Nd4 12.Bxd7+ Qxd7 13.Nxe5 Qe7 14.Ng4 Qe4
15.Ne3 O-O 16.Qd3 Rae8 17.Qxe4 Rxe4 18.Bd2 Ne2+ 19.Kh1 Nf4 20.Rad1 Re5 21.
c4 Nd3 22.Kg1 Nxb2 23.Rb1 Na4 24.Rfc1 Bb6 25.Rc2 Nc5 26.Nd1 Re2 27.Kf1 Re4
28.Be3 Nd3 29.Kg1 Ne5 30.Rbc1 Ng4 31.Rc3 Nxf2 32.g3 0-1

[Event "17th Unive op"]
[Site "Hoogeveen NED"]
[Date "2013.10.23"]
[Round "6.28"]
[White "Bos, Robin"]
[Black "Sadallah, Osama"]
[Result "1-0"]
[WhiteElo "1908"]
[BlackElo "2114"]
[EventDate "2013.10.18"]
[PlyCount "81"]

1.e4 c5 2.Nf3 g6 3.d4 cxd4 4.Nxd4 Nc6 5.Be3 Nf6 6.Nc3 Bg7 7.Be2 O-O 8.O-O 
d5 9.exd5 Nxd5 10.Nxd5 Qxd5 11.Bf3 Qc4 12.Nxc6 bxc6 13.c3 Bf5 14.Qb3 Qa6 
15.Rfd1 e5 16.Rd2 Rfb8 17.Be2 Qc8 18.Qa4 Be6 19.Rad1 Bf6 20.b3 Be7 21.Qa5 
Bd5 22.Bc5 Bg5 23.Be3 Bxe3 24.fxe3 Qf5 25.c4 Be6 26.Qc5 Qg5 27.Bf3 Rc8 28.
Rd6 a5 29.Rxc6 Rxc6 30.Bxc6 Rc8 31.Qb6 Bg4 32.Rf1 h5 33.Bd5 Rf8 34.Qf6 
Qxe3+ 35.Kh1 Bf5 36.h3 e4 37.Qa6 Qg3 38.Qxa5 e3 39.Rf3 Qe5 40.Bxf7+ Rxf7 
41.Qxe5 1-0

[Event "17th Unive op"]
[Site "Hoogeveen NED"]
[Date "2013.10.23"]
[Round "6.29"]
[White "Klomp, Robert"]
[Black "Den Hartog, Marijn"]
[Result "0-1"]
[WhiteElo "2105"]
[BlackElo "1998"]
[EventDate "2013.10.18"]
[PlyCount "68"]

1.c4 Nf6 2.Nc3 g6 3.g3 Bg7 4.Bg2 O-O 5.e4 d6 6.Nge2 c5 7.O-O Nc6 8.h3 a6 
9.d3 Rb8 10.f4 Bd7 11.a4 Ne8 12.g4 f5 13.exf5 gxf5 14.g5 Nc7 15.Ng3 Nb4 
16.h4 Ne6 17.Nd5 Nd4 18.Nxb4 cxb4 19.Be3 Be8 20.Kh2 Qc7 21.b3 a5 22.Ra2 
Rd8 23.Re1 Nc6 24.d4 e5 25.Bd5+ Kh8 26.Bxc6 bxc6 27.Nh5 Bxh5 28.Qxh5 exd4 
29.g6 Bf6 30.Bxd4 Bxd4 31.Rae2 Qg7 32.Re6 Bf6 33.Rg1 d5 34.gxh7 Qxh7 0-1

[Event "17th Unive op"]
[Site "Hoogeveen NED"]
[Date "2013.10.23"]
[Round "6.30"]
[White "Van Wageningen, Arie"]
[Black "Clemens, Adrian HP"]
[Result "0-1"]
[WhiteElo "2036"]
[BlackElo "2206"]
[EventDate "2013.10.18"]
[PlyCount "90"]

1.Nf3 c5 2.c4 g6 3.Nc3 Bg7 4.e3 Nf6 5.d4 O-O 6.Be2 d5 7.dxc5 dxc4 8.Qxd8 
Rxd8 9.Bxc4 Nbd7 10.c6 bxc6 11.O-O Nb6 12.Be2 Nfd5 13.Rd1 Bb7 14.Bd2 Nxc3 
15.Bxc3 Bxc3 16.bxc3 c5 17.Rab1 Be4 18.Rxd8+ Rxd8 19.Rd1 Rxd1+ 20.Bxd1 Nd5
21.Bb3 Nxc3 22.Nd2 Bd5 23.Kf1 Kf8 24.Ke1 Ke8 25.Bxd5 Nxd5 26.Ne4 c4 27.Kd2
Kd7 28.h4 f5 29.Ng5 Nf6 30.Kc3 h6 31.Nh3 e5 32.Kxc4 Kc6 33.f3 Nd5 34.e4 
fxe4 35.fxe4 Ne3+ 36.Kb4 Nxg2 37.Nf2 h5 38.Nd3 Kd6 39.Kb5 Nxh4 40.Ka6 Nf3 
41.Kxa7 g5 42.a4 g4 43.a5 g3 44.Nc1 g2 45.Ne2 Kc7 0-1

[Event "17th Unive op"]
[Site "Hoogeveen NED"]
[Date "2013.10.23"]
[Round "6.31"]
[White "Algera, Simon"]
[Black "De Jonge, Boris"]
[Result "0-1"]
[WhiteElo "2108"]
[BlackElo "2002"]
[EventDate "2013.10.18"]
[PlyCount "88"]

1.d4 d5 2.Nf3 c6 3.Bg5 Bf5 4.e3 Qb6 5.b3 e6 6.Bd3 Bxd3 7.Qxd3 Nd7 8.O-O 
Ngf6 9.c4 Be7 10.Ne5 Nxe5 11.dxe5 Nd7 12.Bxe7 Kxe7 13.f4 Nc5 14.Qe2 Ne4 
15.Nd2 Nxd2 16.Qxd2 Rad8 17.f5 exf5 18.Qf2 g6 19.Qh4+ Ke8 20.Qf6 Rf8 21.e6
Qxe3+ 22.Kh1 fxe6 23.Qh4 h6 24.Rae1 Qg5 25.Qd4 Qf6 26.Qxa7 Rf7 27.Qe3 Kf8 
28.Qxh6+ Kg8 29.Qe3 Re7 30.Qb6 Rdd7 31.Re2 d4 32.Rd1 e5 33.b4 e4 34.b5 d3 
35.Ree1 Qd4 36.c5 Qd5 37.bxc6 Qxc6 38.Qa7 e3 39.Qa8+ Kg7 40.Qa3 Qe4 41.
Qc3+ Kh7 42.c6 bxc6 43.Rb1 d2 44.Rg1 Qxb1 0-1

[Event "17th Unive op"]
[Site "Hoogeveen NED"]
[Date "2013.10.23"]
[Round "6.32"]
[White "Ritsema, Ronald JE"]
[Black "Buckels, Valentin"]
[Result "1/2-1/2"]
[WhiteElo "2012"]
[BlackElo "2058"]
[EventDate "2013.10.18"]
[PlyCount "68"]

1.c4 e5 2.g3 Nc6 3.Bg2 f5 4.Nc3 Nf6 5.e3 d5 6.cxd5 Nb4 7.d3 Nfxd5 8.Nxd5 
Nxd5 9.a3 Nf6 10.Ne2 Bd6 11.O-O O-O 12.d4 e4 13.Nc3 Qe8 14.Bd2 b6 15.b4 
Ba6 16.b5 Bb7 17.Qe2 a5 18.a4 Rd8 19.Bc1 Qe7 20.Ba3 Bxa3 21.Qa2+ Nd5 22.
Nxd5 Bxd5 23.Qxa3 Qe6 24.Rfc1 Rc8 25.Rc3 Rf7 26.Rac1 Rd7 27.R1c2 Qf7 28.
Bf1 Re8 29.Bc4 Bxc4 30.Rxc4 Ree7 31.Qc3 h6 32.Rc6 Kh7 33.Qc4 Qe8 34.Rc3 
Qh5 1/2-1/2

[Event "17th Unive op"]
[Site "Hoogeveen NED"]
[Date "2013.10.23"]
[Round "6.34"]
[White "Henseler, Jorgen"]
[Black "Martinello, Christian"]
[Result "1-0"]
[WhiteElo "2088"]
[BlackElo "2163"]
[EventDate "2013.10.18"]
[PlyCount "129"]

1.e4 c5 2.Nf3 d6 3.d4 cxd4 4.Nxd4 Nf6 5.Nc3 a6 6.Bg5 e6 7.f4 Nbd7 8.Qf3 h6
9.Bh4 Be7 10.O-O-O g5 11.fxg5 hxg5 12.Bxg5 Ne5 13.Qf4 b5 14.Bxb5+ axb5 15.
Ndxb5 Ra6 16.Bxf6 Bxf6 17.Nxd6+ Rxd6 18.Rxd6 Qe7 19.Rhd1 Bd7 20.Kb1 Rh4 
21.Qg3 Rg4 22.Qf2 Nc4 23.Qe2 Nxd6 24.Qxg4 Kf8 25.Qg3 Nc4 26.Qb8+ Be8 27.
Rd3 Qc5 28.a3 Nxa3+ 29.bxa3 Bxc3 30.Qd6+ Qxd6 31.Rxd6 Be5 32.Rd3 Bc6 33.
Re3 Bxh2 34.g4 Bf4 35.Re2 Bb5 36.Rf2 Be5 37.g5 Kg7 38.Rf3 Bc6 39.Rf2 Bd6 
40.Kb2 Bxe4 41.a4 Be7 42.a5 Bxg5 43.a6 Bd5 44.Kc3 Be3 45.Rf1 Ba7 46.Kb4 f5
47.c4 Bc6 48.c5 Kf7 49.Kc4 Kf6 50.Rf2 Bb8 51.Rb2 Bd5+ 52.Kb5 Ke7 53.c6 Ba7
54.Rc2 Kd8 55.Rh2 f4 56.Rh8+ Kc7 57.Rh7+ Kb8 58.Rb7+ Ka8 59.Rf7 Bxc6+ 60.
Kxc6 Bb8 61.Re7 e5 62.Kd5 f3 63.Rf7 f2 64.Rxf2 Ka7 65.Rb2 1-0

[Event "17th Unive op"]
[Site "Hoogeveen NED"]
[Date "2013.10.23"]
[Round "6.36"]
[White "Slingerland, Caroline"]
[Black "Lessmann, Francis"]
[Result "1/2-1/2"]
[WhiteElo "2084"]
[BlackElo "2109"]
[EventDate "2013.10.18"]
[PlyCount "61"]

1.e4 Nc6 2.Nc3 e6 3.d4 Bb4 4.a3 Bxc3+ 5.bxc3 d6 6.f4 e5 7.Nf3 Nf6 8.Bd3 
O-O 9.O-O Re8 10.d5 Nb8 11.fxe5 dxe5 12.Bg5 Qd6 13.c4 h6 14.Bd2 Bg4 15.h3 
Bh5 16.Qe1 Nbd7 17.Nh4 Bg6 18.Nf5 Bxf5 19.Rxf5 g6 20.Qg3 Kh7 21.Rf2 Qf8 
22.Raf1 Qg7 23.Qe3 a5 24.g4 Rf8 25.Rf3 Ng8 26.Qf2 f6 27.c5 Qe7 28.Be3 b6 
29.d6 cxd6 30.cxb6 d5 31.Rb1 1/2-1/2

[Event "17th Unive op"]
[Site "Hoogeveen NED"]
[Date "2013.10.23"]
[Round "6.38"]
[White "Hummel, Paul"]
[Black "Smeets, Pierre"]
[Result "1-0"]
[WhiteElo "2023"]
[BlackElo "2076"]
[EventDate "2013.10.18"]
[PlyCount "55"]

1.Nf3 Nf6 2.g3 b6 3.d4 Bb7 4.c4 e6 5.Bg2 Be7 6.O-O O-O 7.Nc3 d5 8.Ne5 Nbd7
9.cxd5 exd5 10.Qb3 c6 11.Bf4 Re8 12.Rfd1 Nf8 13.e4 Ne6 14.Be3 dxe4 15.Nxc6
Bxc6 16.d5 Nc5 17.Bxc5 Bxc5 18.dxc6 Qc7 19.Nxe4 Nxe4 20.Rd7 Qe5 21.Bxe4 
Re7 22.Rxe7 Qxe7 23.Qf3 Re8 24.Rd1 Bd6 25.Bxh7+ Kxh7 26.Qd3+ Qe4 27.Qxe4+ 
Rxe4 28.Rxd6 1-0

[Event "17th Unive op"]
[Site "Hoogeveen NED"]
[Date "2013.10.24"]
[Round "7.7"]
[White "Wagner, Dennis"]
[Black "Hopman, Pieter"]
[Result "0-1"]
[WhiteElo "2481"]
[BlackElo "2338"]
[EventDate "2013.10.18"]
[PlyCount "80"]

1.Nf3 Nf6 2.c4 e6 3.g3 d5 4.Bg2 Nbd7 5.d4 Bb4+ 6.Nbd2 dxc4 7.Qa4 Nd5 8.e4 
Bxd2+ 9.Bxd2 Nb6 10.Qc2 O-O 11.Be3 Qe7 12.O-O c5 13.e5 cxd4 14.Bxd4 Nd5 
15.Qxc4 b6 16.Nd2 a5 17.Rfc1 Ba6 18.Qb3 Rac8 19.Bxd5 exd5 20.Qxd5 Nc5 21.
Bxc5 bxc5 22.Ne4 Bb7 23.Qd6 Qe8 24.Nxc5 Rd8 25.Qc7 Ba8 26.Re1 Qb5 27.a4 
Qxb2 28.Rab1 Qa2 29.Rbd1 Rd2 30.Rxd2 Qxd2 31.Rf1 Qc3 32.Rb1 h5 33.Qb6 Qxe5
34.Nb7 Qe4 35.Rb5 Re8 36.Qa7 Qxa4 37.Rb1 Qe4 38.Rb5 a4 39.h4 a3 40.Kh2 a2 
0-1

[Event "17th Unive op"]
[Site "Hoogeveen NED"]
[Date "2013.10.24"]
[Round "7.8"]
[White "Van Kooten, Luuk"]
[Black "De Jong, Migchiel"]
[Result "1/2-1/2"]
[WhiteElo "2375"]
[BlackElo "2345"]
[EventDate "2013.10.18"]
[PlyCount "30"]

1.d4 e6 2.c4 Bb4+ 3.Bd2 a5 4.e4 d5 5.a3 Bxd2+ 6.Nxd2 Nc6 7.Ngf3 Nge7 8.Be2
O-O 9.O-O dxe4 10.Nxe4 Nf5 11.d5 exd5 12.cxd5 Nce7 13.Nc3 c6 14.dxc6 Nxc6 
15.Qa4 Be6 1/2-1/2

[Event "17th Unive op"]
[Site "Hoogeveen NED"]
[Date "2013.10.24"]
[Round "7.9"]
[White "Pel, Bonno"]
[Black "Rooze, Jan"]
[Result "1-0"]
[WhiteElo "2291"]
[BlackElo "2355"]
[EventDate "2013.10.18"]
[PlyCount "96"]

1.g3 Nf6 2.Bg2 d5 3.d3 e6 4.Nc3 c5 5.e4 Nc6 6.Nh3 d4 7.Ne2 Qa5+ 8.c3 dxc3 
9.bxc3 Be7 10.O-O O-O 11.Nhf4 Rd8 12.Qc2 Bd7 13.Bd2 Qa6 14.a4 Rac8 15.Rfb1
b6 16.Nc1 Rc7 17.Bf1 Qc8 18.Ng2 Ne5 19.Be2 Bc6 20.Bf4 Nfd7 21.f3 g5 22.Be3
Ng6 23.Qd2 h6 24.Qe1 f5 25.Bf2 fxe4 26.dxe4 Rf8 27.Nb3 Nde5 28.Nd2 Bd6 29.
Ne3 Rcf7 30.Nec4 Nxc4 31.Nxc4 Bc7 32.a5 g4 33.axb6 axb6 34.f4 Bxe4 35.Bxg4
Bf5 36.Bxf5 Rxf5 37.Nxb6 Qe8 38.Ra8 Qc6 39.Rxf8+ Rxf8 40.Nc4 Rxf4 41.gxf4 
Nxf4 42.Ne3 Qf3 43.Rb2 Nh3+ 44.Kf1 Bxh2 45.Ng2 Qf5 46.Qb1 Qf3 47.Qg6+ Kh8 
48.Qxh6+ Kg8 1-0

[Event "17th Unive op"]
[Site "Hoogeveen NED"]
[Date "2013.10.24"]
[Round "7.10"]
[White "Wunnink, Michael"]
[Black "Hendriks, Willy"]
[Result "0-1"]
[WhiteElo "2244"]
[BlackElo "2407"]
[EventDate "2013.10.18"]
[PlyCount "154"]

1.d4 Nf6 2.c4 g6 3.Nc3 Bg7 4.e4 d6 5.Nf3 O-O 6.Be2 Bg4 7.Be3 Nc6 8.d5 Bxf3
9.Bxf3 Ne5 10.Be2 c6 11.f4 Ned7 12.O-O Qa5 13.Rb1 Rfc8 14.b4 Qd8 15.Bd4 
cxd5 16.cxd5 a5 17.bxa5 Nc5 18.Bf3 Rxa5 19.e5 Ne8 20.Bg4 Rca8 21.exd6 Qxd6
22.f5 Bxd4+ 23.Qxd4 Qf6 24.Qd2 Qh4 25.fxg6 hxg6 26.Qe2 Nd6 27.g3 Qh8 28.
Rbc1 Re8 29.Qe3 b6 30.Ne2 Rxa2 31.h4 Qb2 32.h5 Ra3 33.Rc3 Rxc3 34.Nxc3 Qc2
35.Qe5 f6 36.Qd4 g5 37.Rf2 Qd3 38.Be6+ Kg7 39.Qxd3 Nxd3 40.Ra2 f5 41.Ne2 
Nc5 42.Nd4 Nxe6 43.Nxe6+ Kf6 44.Re2 Ne4 45.Rb2 Rb8 46.Kg2 Nc3 47.Nc5 Kg7 
48.Ne6+ Kh6 49.g4 fxg4 50.Kg3 Nxd5 51.Rb5 Nf6 52.Nxg5 Kxh5 53.Nf7+ Kg6 54.
Ne5+ Kg7 55.Nc6 Rb7 56.Nd8 Rd7 57.Ne6+ Kf7 58.Rxb6 Rd3+ 59.Kg2 Nd5 60.Ra6 
Nf6 61.Nf4 Rf3 62.Ne6 Rb3 63.Ng5+ Kg6 64.Ne6 Kh5 65.Nf4+ Kg5 66.Ne6+ Kh4 
67.Nf4 Rb2+ 68.Kf1 Kg3 69.Ne2+ Kf3 70.Ra3+ Ke4 71.Ng3+ Kf4 72.Ne2+ Kf5 73.
Kf2 Ne4+ 74.Ke3 e5 75.Rd3 g3 76.Kf3 Rxe2 77.Kxe2 g2 0-1

[Event "17th Unive op"]
[Site "Hoogeveen NED"]
[Date "2013.10.24"]
[Round "7.11"]
[White "Brookes, Christopher"]
[Black "Berkovich, Mark A"]
[Result "1-0"]
[WhiteElo "2136"]
[BlackElo "2372"]
[EventDate "2013.10.18"]
[PlyCount "67"]

1.e4 e5 2.Nf3 Nc6 3.Bb5 a6 4.Ba4 Nf6 5.O-O Be7 6.Re1 b5 7.Bb3 Bb7 8.c3 O-O
9.d4 d6 10.Nbd2 exd4 11.cxd4 Na5 12.Bc2 c5 13.d5 Nd7 14.b3 Bf6 15.Rb1 Re8 
16.Nf1 Bc8 17.Ng3 Ne5 18.Nxe5 Bxe5 19.f4 Bd4+ 20.Be3 Bxe3+ 21.Rxe3 Ra7 22.
Qf3 Rae7 23.Rbe1 Nb7 24.e5 Qa5 25.Nh5 f5 26.e6 Qxa2 27.Bxf5 Qb2 28.Qe4 h6 
29.Bg6 Rf8 30.Bf7+ Rfxf7 31.exf7+ Rxf7 32.Qg6 Bd7 33.h3 Kf8 34.Qh7 1-0

[Event "17th Unive op"]
[Site "Hoogeveen NED"]
[Date "2013.10.24"]
[Round "7.13"]
[White "Slingerland, Fred"]
[Black "Baskin, Robert"]
[Result "1/2-1/2"]
[WhiteElo "2345"]
[BlackElo "2179"]
[EventDate "2013.10.18"]
[PlyCount "48"]

1.e4 c5 2.Nf3 d6 3.d4 cxd4 4.Nxd4 Nf6 5.Nc3 a6 6.Be2 e5 7.Nb3 Be7 8.Bg5 
Be6 9.Bxf6 Bxf6 10.Qd3 Nc6 11.O-O O-O 12.Nd5 Bg5 13.c3 Ne7 14.Nxe7+ Qxe7 
15.Rad1 Rfd8 16.Bf3 Rac8 17.Rfe1 Qc7 18.g3 g6 19.h4 Bh6 20.Kg2 b5 21.Qb1 
a5 22.Nd2 Bxd2 23.Rxd2 Qb6 24.Red1 Rc6 1/2-1/2

[Event "17th Unive op"]
[Site "Hoogeveen NED"]
[Date "2013.10.24"]
[Round "7.15"]
[White "Englert, Fabian"]
[Black "Van der Veen, Jan"]
[Result "1-0"]
[WhiteElo "2290"]
[BlackElo "2056"]
[EventDate "2013.10.18"]
[PlyCount "79"]

1.d4 Nf6 2.c4 g6 3.Nc3 Bg7 4.Nf3 O-O 5.Bg5 d6 6.e3 Nbd7 7.Be2 e5 8.Qc2 h6 
9.Bh4 c6 10.O-O Qe7 11.b4 g5 12.Bg3 Nh5 13.dxe5 Nxg3 14.hxg3 dxe5 15.Rab1 
f5 16.Nd2 Nf6 17.c5 Be6 18.Bc4 e4 19.Qb3 Bxc4 20.Nxc4 Kh7 21.Nd6 Ng4 22.
Ne2 a6 23.Rfd1 Rad8 24.Nd4 Bxd4 25.Rxd4 Kg6 26.Rbd1 h5 27.Nc4 Rxd4 28.Rxd4
Nf6 29.Rd6 Kg7 30.Qd1 Kh7 31.Nb6 Rf7 32.Qd4 Ng4 33.Nc4 Rg7 34.Rd8 Qe6 35.
a3 Qe7 36.Qd6 Qf7 37.Ne5 Nxe5 38.Qxe5 Rg8 39.Rd6 Re8 40.Rf6 1-0

[Event "17th Unive op"]
[Site "Hoogeveen NED"]
[Date "2013.10.24"]
[Round "7.16"]
[White "Vistisen, Lars"]
[Black "Donchenko, Alexander"]
[Result "0-1"]
[WhiteElo "2163"]
[BlackElo "2479"]
[EventDate "2013.10.18"]
[PlyCount "104"]

1.e4 c6 2.d4 d5 3.e5 Bf5 4.Nf3 e6 5.Be2 c5 6.Be3 cxd4 7.Nxd4 Ne7 8.c4 Nbc6
9.cxd5 Qxd5 10.Nxf5 Qxd1+ 11.Bxd1 Nxf5 12.Bf4 O-O-O 13.O-O Be7 14.Ba4 Nb4 
15.Bd2 Nd3 16.Bc3 Nd4 17.Kh1 Ne2 18.Bc2 Bc5 19.Bxd3 Rxd3 20.g3 Rhd8 21.Kg2
Rd1 22.b4 Rxf1 23.Kxf1 Nxc3 24.Nxc3 Bxb4 25.Ne4 h6 26.Rc1+ Kb8 27.Rc4 Be7 
28.Ke2 b5 29.Rc3 Rd5 30.f4 Kb7 31.g4 a5 32.Ke3 a4 33.h4 b4 34.Rc4 Kb6 35.
Rc8 Rd7 36.g5 h5 37.Rb8+ Ka7 38.Rc8 g6 39.Rc4 Kb6 40.Rc8 Rc7 41.Rb8+ Ka7 
42.Rb5 Ka6 43.Nd6 Rc3+ 44.Ke2 Rc4 45.Rb8 Rxf4 46.Ra8+ Kb6 47.Rxa4 Bxd6 48.
exd6 Rxh4 49.a3 Kc6 50.Ra6+ Kd7 51.a4 b3 52.Kd3 Rb4 0-1

[Event "17th Unive op"]
[Site "Hoogeveen NED"]
[Date "2013.10.24"]
[Round "7.17"]
[White "Knol, Geon"]
[Black "Van Wessel, Rudy"]
[Result "0-1"]
[WhiteElo "2147"]
[BlackElo "2388"]
[EventDate "2013.10.18"]
[PlyCount "84"]

1.e4 d6 2.Nc3 g6 3.g3 Bg7 4.Bg2 c6 5.Nge2 b5 6.d3 b4 7.Nb1 a5 8.a3 Ba6 9.
O-O Nd7 10.f4 Ngf6 11.h3 O-O 12.Be3 Nb6 13.axb4 axb4 14.Nd2 Nfd7 15.Bd4 e5
16.fxe5 Nxe5 17.Nf3 Nbd7 18.Nxe5 Nxe5 19.Be3 c5 20.Kh2 Bb7 21.Qd2 Re8 22.
Bh6 Bxh6 23.Qxh6 Rxa1 24.Rxa1 b3 25.d4 cxd4 26.Nxd4 bxc2 27.Nxc2 Qb6 28.b4
Qf2 29.Ne1 Bxe4 30.Qf4 Qb2 31.Rd1 Nc4 32.Qc1 Qe2 33.Kg1 d5 34.Bf1 Qa2 35.
Qc3 Qa6 36.Qd4 Qd6 37.Kh2 Qxb4 38.Bg2 Qb3 39.Bxe4 Rxe4 40.Qxd5 Re2+ 41.Kh1
Qxg3 42.Qxc4 Rh2# 0-1

[Event "17th Unive op"]
[Site "Hoogeveen NED"]
[Date "2013.10.24"]
[Round "7.20"]
[White "Van der Poel, Henk"]
[Black "Zepeda, Lorena"]
[Result "0-1"]
[WhiteElo "2246"]
[BlackElo "2156"]
[EventDate "2013.10.18"]
[PlyCount "40"]

1.e4 c5 2.Nf3 d6 3.d4 cxd4 4.Nxd4 Nf6 5.Nc3 a6 6.Bc4 e6 7.O-O Nbd7 8.Re1 
Qc7 9.Bxe6 fxe6 10.Nxe6 Qb8 11.Nd5 Kf7 12.Nec7 Ra7 13.Bg5 b6 14.Nxf6 Nxf6 
15.Nd5 Nxd5 16.exd5 Kg8 17.Re8 Rf7 18.Qe2 Qc7 19.Bd8 Qb7 20.Bxb6 Bd7 0-1

[Event "17th Unive op"]
[Site "Hoogeveen NED"]
[Date "2013.10.24"]
[Round "7.21"]
[White "Dijkhuis, Tycho"]
[Black "Bos, Robin"]
[Result "1-0"]
[WhiteElo "2219"]
[BlackElo "1908"]
[EventDate "2013.10.18"]
[PlyCount "53"]

1.e4 c5 2.Nf3 Nc6 3.d4 cxd4 4.Nxd4 Nf6 5.Nc3 e5 6.Ndb5 d6 7.Bg5 a6 8.Na3 
b5 9.Bxf6 gxf6 10.Nd5 f5 11.c3 Bg7 12.exf5 Bxf5 13.Nc2 Ne7 14.Bd3 Nxd5 15.
Bxf5 Ne7 16.Ne3 Bh6 17.Bc2 Bxe3 18.fxe3 Qb6 19.O-O Ng6 20.Bb3 Qxe3+ 21.Kh1
Nf4 22.Qxd6 Rd8 23.Qf6 O-O 24.Bxf7+ Rxf7 25.Qxd8+ Rf8 26.Qg5+ Kh8 27.Rae1 
1-0

[Event "17th Unive op"]
[Site "Hoogeveen NED"]
[Date "2013.10.24"]
[Round "7.22"]
[White "Vereggen, Lars"]
[Black "Lorscheid, Gerhard"]
[Result "1/2-1/2"]
[WhiteElo "2121"]
[BlackElo "2218"]
[EventDate "2013.10.18"]
[PlyCount "54"]

1.d4 Nf6 2.c4 d6 3.Nc3 Nbd7 4.e4 e5 5.Nge2 Be7 6.f3 O-O 7.Be3 c6 8.d5 a6 
9.g4 cxd5 10.cxd5 Ne8 11.Qd2 b5 12.Ng3 Nb6 13.a4 Nxa4 14.Nxa4 bxa4 15.Rxa4
Qd7 16.Ra3 Qb7 17.Bd3 Nc7 18.O-O Nb5 19.Ra2 Bd8 20.Kh1 Kh8 21.Nh5 f6 22.h4
Rb8 23.Ng3 Bb6 24.Bxb5 Bxe3 25.Qxe3 Qxb5 26.Rf2 Qb3 27.Ra3 Qxe3 1/2-1/2

[Event "17th Unive op"]
[Site "Hoogeveen NED"]
[Date "2013.10.24"]
[Round "7.23"]
[White "Den Hartog, Marijn"]
[Black "Clemens, Adrian HP"]
[Result "1/2-1/2"]
[WhiteElo "1998"]
[BlackElo "2206"]
[EventDate "2013.10.18"]
[PlyCount "128"]

1.e4 c5 2.Nc3 d6 3.f4 g6 4.Nf3 Bg7 5.Bb5+ Bd7 6.Bc4 Nc6 7.d3 Na5 8.Bb3 
Nxb3 9.axb3 Nh6 10.O-O f5 11.e5 O-O 12.Qe1 Bc6 13.Ng5 Qd7 14.e6 Qd8 15.Qh4
d5 16.d4 cxd4 17.Nb1 d3 18.Nd2 dxc2 19.Ndf3 d4 20.Ne5 Qd5 21.Rf2 Be8 22.h3
Qxb3 23.Ra3 Qb6 24.Rxc2 Rf6 25.Rd3 Rd8 26.Bd2 Bb5 27.Nef7 Rxf7 28.exf7+ 
Nxf7 29.Ba5 Qd6 30.Qxh7+ Kf8 31.Rdd2 Nxg5 32.fxg5 b6 33.Bc3 e5 34.b3 Kf7 
35.Qh4 e4 36.Rd1 Bd3 37.Bb4 Qd7 38.Rcc1 Rc8 39.Qf4 Bc2 40.Re1 Qd5 41.g4 d3
42.gxf5 Bd4+ 43.Kf1 gxf5 44.Bd2 e3 45.Rxe3 Bxe3 46.Qxe3 Rh8 47.Re1 Qh1+ 
48.Kf2 Qh2+ 49.Kf1 Qxh3+ 50.Qxh3 Rxh3 51.Kg2 Rh4 52.b4 a5 53.bxa5 bxa5 54.
Bxa5 Rg4+ 55.Kf2 Rxg5 56.Re5 Rh5 57.Kg3 Bd1 58.Kf4 Bg4 59.Re3 Be2 60.Re5 
Bg4 61.Re3 Rh3 62.Rxh3 Bxh3 63.Ke5 Ke7 64.Kd4 Bf1 1/2-1/2